| 000 | 00525cam a2200193 a 4500 | ||
|---|---|---|---|
| 020 | _a0820310301 | ||
| 040 | _cDLC | ||
| 082 | 0 | 0 | _a398 CFI 2020 C277 Or. |
| 245 | 0 | 0 |
_aLay my burden down : _ba folk history of slavery / |
| 300 |
_axl, 297 pages, 17 unnumbered pages of plates : _billustrations ; _c23 cm. |
||
| 500 | _a"Brown thrasher books." | ||
| 650 | 0 | _aSlaves | |
| 650 | 0 | _aSlaves | |
| 650 | 0 | _aSlaves | |
| 650 | 0 | _aAfrican Americans | |
| 650 | 0 | _aFolklore | |
| 700 | 1 | _aBotkin, Benjamin Albert, | |
| 942 | _cAEDBB | ||
| 999 |
_c19694 _d19694 |
||